[Event "Jm KP I 24-25 Orechov-Hustopece"]
[Site "?"]
[Date "2024.11.24"]
[Round "16.5"]
[White "Kubat, Pavel"]
[Black "Sedy, Ctirad"]
[Result "1/2-1/2"]
[WhiteElo "1940"]
[BlackElo "1901"]
[PlyCount "33"]

1. d4 c6 2. c4 d5 3. cxd5 cxd5 4. Nc3 Nf6 5. Nf3 Nc6 6. e3 a6 7. Bd3 g6 8. a3
Bg7 9. b4 O-O 10. O-O Bg4 11. h3 Bxf3 12. Qxf3 e5 13. dxe5 Nxe5 14. Qe2 Nc4 (
14... Rc8 15. Bb2 Nc4 16. Bxc4 dxc4 17. Rfd1 Qe7 18. Na4 Ne4) 15. Bxc4 dxc4 16.
Rd1 Qe7 17. Na4 1/2-1/2

[Event "Jm KP I 24-25 Orechov-Hustopece"]
[Site "?"]
[Date "2024.11.24"]
[Round "16.6"]
[White "Nerud, Matous"]
[Black "Kubicek, Pavel"]
[Result "1/2-1/2"]
[WhiteElo "1726"]
[BlackElo "1940"]
[PlyCount "63"]

1. c4 e6 2. g3 d5 3. Bg2 Nf6 4. Nf3 Be7 5. O-O O-O 6. b3 Ne4 7. Bb2 Bf6 8. Qc2
Na6 9. a3 c5 10. cxd5 exd5 11. Bxf6 Nxf6 12. d4 Qb6 13. Nc3 Bd7 14. Ng5 g6 15.
Nxd5 Nxd5 16. Bxd5 cxd4 17. Qe4 Rae8 18. Qh4 h5 19. Bc4 Re5 20. Nf3 Rc5 21. Qf4
Bb5 22. Ne5 Qc7 23. Bxb5 Rxb5 24. Nf3 Qxf4 25. gxf4 Rxb3 26. Nxd4 Rb2 27. Rfb1
Rxb1+ 28. Rxb1 b6 29. a4 Rd8 30. Nc6 Rd2 (30... Rd7 31. a5 bxa5 32. Ra1 Rc7 33.
Nxa5 Nb4 34. Nb3 Nd5 35. e3 Nc3 36. Nd4 Kg7 37. Kf1 Rb7 38. Nc6 Nb5 39. Ke2 Kf6
40. Kd3 Rc7 41. Ra6 Kg7 42. Kc4 Nd6+ 43. Kd5 Nc8 44. h4 Ne7+ 45. Nxe7 Rxe7 46.
Rd6 Rb7 47. Ra6 Rb2 48. f3 Rh2 49. Rxa7 Rxh4 50. Ke5 Rh1 51. f5 gxf5 52. Kxf5
Re1 (52... Rg1 53. Ra4 Re1 54. Rh4 Rxe3 55. Kf4) 53. Kg5 Rxe3) 31. a5 bxa5 32.
Ra1 1/2-1/2

[Event "Jm KP I 24-25 Orechov-Hustopece"]
[Site "?"]
[Date "2024.11.24"]
[Round "16.7"]
[White "Paral, Stanislav"]
[Black "Sknouril, Jakub"]
[Result "0-1"]
[WhiteElo "1822"]
[BlackElo "1978"]
[PlyCount "70"]

1. e4 e5 2. Nf3 Nc6 3. d4 exd4 4. Nxd4 Qh4 5. Nf3 Qxe4+ 6. Be2 d6 7. O-O Bd7 8.
Bg5 Be7 9. Re1 O-O-O 10. Nc3 Qg6 11. Qd2 Ne5 12. Bxe7 Nxe7 13. Nxe5 dxe5 14.
Bd3 Bf5 15. Qe3 Bxd3 16. cxd3 Nc6 17. Nb5 Kb8 18. Red1 a6 19. Na3 Rd4 20. Nc2
Rd6 21. Rac1 Rhd8 22. Ne1 f6 23. Qc5 e4 24. d4 Rxd4 25. Rxd4 Rxd4 26. Nc2 Rd7
27. Ne3 Qf7 28. Qf5 Nd4 29. Qg4 h5 30. Qd1 Nf3+ 31. gxf3 Rxd1+ 32. Rxd1 exf3
33. b3 f5 34. Rd4 f4 35. Nd1 Qf6 0-1

[Event "Jm KP I 24-25 Orechov-Hustopece"]
[Site "?"]
[Date "2024.11.24"]
[Round "16.8"]
[White "Oujezky, Jakub"]
[Black "Bucek, Miroslav"]
[Result "1/2-1/2"]
[WhiteElo "1694"]
[BlackElo "1756"]
[PlyCount "8"]

1. d4 d5 2. c4 c6 3. e3 (3. Nc3 Nf6 (3... e6 4. Nf3 Nf6 5. Bg5 Nbd7 6. e3 Qa5
7. Nd2 Bb4 8. Qc2 dxc4 9. Bxf6 Nxf6 10. Bxc4 O-O 11. O-O Re8 12. Rfd1 Qh5 13.
Be2 Qh6 14. a3 Bd6 15. g3 e5 16. Nc4 Bc7 17. Nxe5 Bxe5 18. dxe5 Ng4 19. Bxg4
Bxg4 20. Rd6 Re6 21. Rxe6 Qxe6 22. Qa4 Rd8 23. Qf4 Bh3 24. Qh4 f6 25. exf6 gxf6
26. Rd1 Rxd1+ 27. Nxd1 Qd5 28. Qxh3 Qxd1+ 29. Kg2 Qd5+ 30. Kg1 Qd1+ 31. Kg2) 4.
Bg5 Nbd7 5. e3 Qa5) 3... e6 4. Nf3 Nf6 1/2-1/2

[Event "Jm KP I 24-25 Univerzita B-Duras B"]
[Site "?"]
[Date "2024.11.24"]
[Round "17.1"]
[White "Gajdos, Daniel"]
[Black "Novy, Martin"]
[Result "1/2-1/2"]
[WhiteElo "2095"]
[BlackElo "2104"]
[PlyCount "141"]

1. Nf3 Nf6 2. g3 d6 3. d4 Nbd7 4. Bg2 e5 5. c4 c6 6. Nc3 Be7 7. e4 O-O 8. O-O
a6 9. b4 Qc7 10. Rb1 Re8 11. Re1 b6 12. Bf1 exd4 13. Nxd4 Bb7 14. Nf5 Bf8 15.
Bf4 Ne5 16. Bg5 Ned7 17. f3 h6 18. Be3 Rad8 19. Rc1 Qb8 20. b5 axb5 21. cxb5 c5
22. Rc2 Ne5 23. Rd2 g6 24. Nxh6+ Kh7 25. g4 Bxh6 26. g5 Nxe4 27. Nxe4 Bg7 28.
Bf2 Qa8 29. Bg2 d5 30. Nf6+ Bxf6 31. gxf6 d4 32. f4 Nf3+ 33. Bxf3 Bxf3 34. Qb3
Qd5 35. Qxd5 Bxd5 36. f5 Rxe1+ 37. Bxe1 Rd6 38. Bh4 Be4 39. fxg6+ Kxg6 40. Bg3
Rxf6 41. Rf2 Re6 42. Rd2 Bd5 43. Bc7 Kf5 44. Kf2 Bc4 45. a4 Ke4 46. Rb2 Kd3 47.
a5 Kc3 48. axb6 Rf6+ 49. Kg1 Bd5 50. Rf2 Rg6+ 51. Bg3 Rxb6 52. Rf5 Kc4 53. h4
Rxb5 54. h5 Rb2 55. Bf4 Rb1+ 56. Kf2 Rh1 57. h6 Be6 58. Rg5 f6 59. Rg6 Kd5 60.
Rxf6 c4 61. Rf8 Ke4 62. Bg5 c3 63. Rf4+ Kd3 64. Bf6 Rh2+ 65. Kf3 Rh3+ 66. Kf2
Rxh6 67. Rxd4+ Kc2 68. Bg5 Rh3 69. Re4 Bf5 70. Re3 Rxe3 71. Bxe3 1/2-1/2

[Event "Jm KP I 24-25 Univerzita B-Duras B"]
[Site "?"]
[Date "2024.11.24"]
[Round "17.2"]
[White "Tikovsky, Alexandr"]
[Black "Ibrahim, Emad Eldin"]
[Result "1-0"]
[WhiteElo "2071"]
[BlackElo "2031"]
[PlyCount "83"]

1. d4 Nf6 2. Nf3 c5 3. d5 b5 4. Bg5 Qb6 5. Bxf6 Qxf6 6. c3 b4 7. e4 d6 8. Qa4+
Bd7 9. Qa5 e6 10. Qc7 exd5 11. Qb7 Bc6 12. Bb5 Bxb5 13. Qxa8 Qd8 14. Qxd5 Nd7
15. cxb4 Nb6 16. Qd2 cxb4 17. Qxb4 Bc4 18. Qc3 d5 19. exd5 Bd6 20. Nbd2 Bb5 21.
Qb3 Ba6 22. O-O-O O-O 23. Kb1 Qf6 24. Ka1 Qg6 25. Rhe1 Qxg2 26. Ne4 Bc4 27. Qc3
Bb4 28. Qxb4 Qxf3 29. Nd2 Qg4 30. Nxc4 Qxc4 31. Qxc4 Nxc4 32. Re7 Ra8 33. d6
Kf8 34. Rc7 Nb6 35. d7 Rd8 36. Rxa7 Nc4 37. b3 Ne5 38. Rc7 g5 39. a4 Ke7 40. a5
Rxd7 41. Rcxd7+ Nxd7 42. a6 1-0

[Event "Jm KP I 24-25 Univerzita B-Duras B"]
[Site "?"]
[Date "2024.11.24"]
[Round "17.3"]
[White "Bakos, Eduard"]
[Black "Kredl, Karel"]
[Result "1/2-1/2"]
[WhiteElo "2072"]
[BlackElo "2058"]
[PlyCount "30"]

1. e4 c5 2. c3 d5 3. exd5 Qxd5 4. Nf3 Nf6 5. d4 Bg4 6. Be2 e6 7. c4 Qd8 8. Nc3
cxd4 9. Nxd4 Bxe2 10. Qa4+ Qd7 11. Qxd7+ Nbxd7 12. Ndxe2 Rc8 13. b3 Be7 14. O-O
O-O 15. Bb2 Rfd8 1/2-1/2

[Event "Jm KP I 24-25 Univerzita B-Duras B"]
[Site "?"]
[Date "2024.11.24"]
[Round "17.4"]
[White "Zuziak, Petr"]
[Black "Hladik, Josef"]
[Result "1/2-1/2"]
[WhiteElo "1928"]
[BlackElo "2001"]
[PlyCount "37"]

1. Nf3 d5 2. c4 c6 3. e3 Nf6 4. Nc3 e6 5. b3 Nbd7 6. Bb2 Bd6 7. Qc2 O-O 8. Rg1
Qe7 9. g4 Ba3 10. g5 Nh5 11. Bxa3 Qxa3 12. Nh4 g6 13. Be2 Ng7 14. f4 Qd6 15.
O-O-O a6 16. d4 Qa3+ 17. Qb2 Qxb2+ 18. Kxb2 b6 19. a3 1/2-1/2

[Event "Jm KP I 24-25 Univerzita B-Duras B"]
[Site "?"]
[Date "2024.11.24"]
[Round "17.5"]
[White "Uhmann, Jan"]
[Black "Tuma, Miroslav"]
[Result "1-0"]
[WhiteElo "1970"]
[BlackElo "1888"]
[PlyCount "71"]

1. e4 c5 2. Nf3 Nc6 3. d4 cxd4 4. Nxd4 Nf6 5. Nc3 a6 6. Be3 e6 7. f3 Bb4 8. a3
Be7 9. Bc4 Ne5 10. Bb3 Qc7 11. Qe2 b5 12. O-O Nc4 13. Ndxb5 axb5 14. Nxb5 Qe5
15. Qxc4 O-O 16. Rfd1 Ba6 17. a4 d5 18. Qc7 Qxc7 19. Nxc7 dxe4 20. Nxa8 Rxa8
21. fxe4 Nxe4 22. Rd7 Bc5 23. Bxc5 Nxc5 24. Rc7 Ne4 25. Rd1 Nf6 26. Bc4 Bxc4
27. Rxc4 Kf8 28. Ra1 Nd5 29. b4 Nb6 30. Rc6 Nxa4 31. b5 Ke7 32. Ra6 Rxa6 33.
bxa6 Nb6 34. a7 Na8 35. Rb1 Kd6 36. Rb8 1-0

[Event "Jm KP I 24-25 Univerzita B-Duras B"]
[Site "?"]
[Date "2024.11.24"]
[Round "17.6"]
[White "Fencl, Vaclav"]
[Black "Tvrdy, Radovan"]
[Result "1-0"]
[WhiteElo "1893"]
[BlackElo "1828"]
[PlyCount "93"]

1. e4 Nf6 2. d3 d5 3. Nd2 c5 4. Ngf3 Bg4 5. Be2 e6 6. O-O Be7 7. c3 O-O 8. Re1
Re8 9. Qc2 Nc6 10. Nf1 d4 11. Ng3 e5 12. h3 Bd7 13. c4 h6 14. Nh2 Nh7 15. Bg4
Bxg4 16. hxg4 Bg5 17. Nf5 Ne7 18. g3 Bxc1 19. Qxc1 Nxf5 20. gxf5 Qg5 21. Qd1
Nf6 22. Kg2 Nh7 23. Rf1 Qe7 24. f4 f6 25. Qh5 Qf7 26. Qh4 b5 27. b3 Rab8 28.
cxb5 Rxb5 29. Ng4 exf4 30. gxf4 Qb7 31. Kg3 c4 32. bxc4 Rb2 33. Rf2 Rxf2 34.
Nxf2 Qb2 35. Qh1 Rb8 36. Qc1 Qe2 37. Qe1 Qb2 38. c5 Qc2 39. Rc1 Qxa2 40. c6 Qa6
41. c7 Rc8 42. Qb4 Qb6 43. Qe7 Nf8 44. e5 Qb2 45. exf6 gxf6 46. Rg1 Nh7 47.
Qe6+ 1-0

[Event "Jm KP I 24-25 Univerzita B-Duras B"]
[Site "?"]
[Date "2024.11.24"]
[Round "17.7"]
[White "Riha, Otmar"]
[Black "Hyrs, Martin"]
[Result "1/2-1/2"]
[WhiteElo "1928"]
[BlackElo "1871"]
[PlyCount "60"]

1. d4 Nf6 2. Nf3 e6 3. c4 d5 4. Nc3 Be7 5. Bg5 Nbd7 6. e3 c6 7. Bd3 O-O 8. O-O
dxc4 9. Bxc4 Nd5 10. Bxe7 Qxe7 11. e4 Nxc3 12. bxc3 b6 13. Re1 Bb7 14. e5 Rac8
15. Qe2 c5 16. Bb3 cxd4 17. cxd4 Rc7 18. Rac1 Rfc8 19. Rxc7 Rxc7 20. Nd2 Qg5
21. f3 a6 22. Ne4 Bxe4 23. Qxe4 Rc1 24. g3 Qd2 25. Rxc1 Qxc1+ 26. Kg2 Qd2+ 27.
Kh3 Qh6+ 28. Kg2 Qd2+ 29. Kh3 Qh6+ 30. Kg2 Qd2+ 1/2-1/2

[Event "Jm KP I 24-25 Univerzita B-Duras B"]
[Site "?"]
[Date "2024.11.24"]
[Round "17.8"]
[White "Borkovec, Ondrej"]
[Black "Dufek, Martin"]
[Result "1-0"]
[WhiteElo "1775"]
[BlackElo "1867"]
[PlyCount "27"]

1. d4 d5 2. c4 Nf6 3. cxd5 Nxd5 4. e4 Nf6 5. Nc3 e6 6. Nf3 Bb4 7. Bd3 O-O 8. e5
Nd5 9. Bxh7+ Kxh7 10. Ng5+ Kg6 11. h4 Qe8 12. Qg4 f5 13. h5+ Kh6 14. Nxe6+ 1-0

[Event "Jm KP I 24-25 Jundrov C - Veseli n Mor."]
[Site "?"]
[Date "2024.11.24"]
[Round "18.1"]
[White "Bednar, Jakub"]
[Black "Hudecek, Jan"]
[Result "1/2-1/2"]
[WhiteElo "2166"]
[BlackElo "2165"]
[PlyCount "99"]
[EventDate "2024.11.24"]

1. d4 Nf6 2. Bf4 d5 3. e3 c5 4. c3 Nc6 5. Nd2 Qb6 6. Qb3 c4 7. Qc2 g6 8. f3 Bg7
9. e4 Qd8 10. Ne2 O-O 11. exd5 Nxd5 12. Nxc4 Nxf4 13. Nxf4 e5 14. dxe5 Nxe5 15.
Nxe5 Bxe5 16. Nd3 Bf5 17. O-O-O Bg7 18. Kb1 Qc7 19. g4 Be6 20. h4 a5 21. h5
Rfd8 22. hxg6 hxg6 23. Nc1 Rxd1 24. Qxd1 a4 25. a3 Qc6 26. Bd3 Rd8 27. Qe2 Bxg4
28. Be4 Qxe4+ 29. Qxe4 Bf5 30. Qxf5 gxf5 31. Kc2 b5 32. Re1 Bh6 33. Nd3 f6 34.
Re7 Rd5 35. Rc7 Be3 36. c4 bxc4 37. Rxc4 Ra5 38. Nb4 Kg7 39. Na2 Rd5 40. Rxa4
Rd2+ 41. Kc3 Rf2 42. Nb4 Rxf3 43. Nd3 Rh3 44. Rc4 f4 45. Re4 f5 46. Re5 Kf6 47.
Re8 f3 48. Rxe3 f2 49. Rxh3 f1=Q 50. Rh4 1/2-1/2

[Event "Jm KP I 24-25 Jundrov C - Veseli n Mor."]
[Site "?"]
[Date "2024.11.24"]
[Round "18.2"]
[White "Skalka, Jan"]
[Black "Kuchar, Matej"]
[Result "1/2-1/2"]
[WhiteElo "1977"]
[BlackElo "2022"]
[PlyCount "72"]
[EventDate "2024.11.24"]

1. c4 c5 2. g3 g6 3. Bg2 Bg7 4. Nc3 Nc6 5. Nf3 e6 6. d3 Nge7 7. O-O O-O 8. Bg5
d6 9. Qd2 Rb8 10. a3 a6 11. Rab1 b5 12. cxb5 axb5 13. b4 cxb4 14. axb4 d5 15.
Rfc1 Qb6 16. Qa2 Bd7 17. Bxe7 Nxe7 18. e3 Nc6 19. d4 Rfc8 20. Ne2 Bf8 21. Qd2
Ra8 22. Nf4 Bh6 23. Bf1 Na7 24. Nd3 Rxc1 25. Rxc1 Nc8 26. Qc2 Nd6 27. Qc5 Qb8
28. Nfe5 Be8 29. Qc7 Qxc7 30. Rxc7 Nc4 31. Kg2 Bf8 32. Nd7 Bxd7 33. Rxd7 Ra2
34. Kf3 Ra1 35. Kg2 Rb1 36. Rb7 Nd6 1/2-1/2

[Event "Jm KP I 24-25 Jundrov C - Veseli n Mor."]
[Site "?"]
[Date "2024.11.24"]
[Round "18.3"]
[White "Ruzicka, Frantisek"]
[Black "Travnicek, Petr"]
[Result "1-0"]
[WhiteElo "2024"]
[BlackElo "2083"]
[PlyCount "85"]
[EventDate "2024.11.24"]

1. c4 Nf6 2. Nc3 g6 3. d4 Bg7 4. e4 d6 5. Nf3 O-O 6. Be2 e5 7. O-O Nc6 8. d5
Ne7 9. Ne1 Ne8 10. Nd3 f5 11. f3 Nf6 12. Bd2 f4 13. c5 g5 14. Rc1 Ng6 15. cxd6
cxd6 16. Nf2 Rf7 17. Nb5 a6 18. Na3 b5 19. Nc2 Qb6 20. Nb4 g4 21. Rc6 Qd4 22.
Qc2 Ne7 23. fxg4 Nxe4 24. Qxe4 Nxc6 25. Nxc6 Qxd2 26. Bd3 Bf6 27. Qf3 Qxb2 28.
Ne4 Qa3 29. Nxf6+ Kh8 30. g5 Rg7 31. h4 Bb7 32. Be4 Qxf3 33. Rxf3 Rf8 34. Ng4
Bc8 35. Nh6 Rb7 36. g4 Kg7 37. Nf5+ Bxf5 38. gxf5 h6 39. Kg2 hxg5 40. hxg5 Rh8
41. Rh3 b4 42. f6+ Kg8 43. Ne7+ 1-0

[Event "Jm KP I 24-25 Jundrov C - Veseli n Mor."]
[Site "?"]
[Date "2024.11.24"]
[Round "18.4"]
[White "Krizek, Frantisek"]
[Black "Ruzicka, Martin"]
[Result "1/2-1/2"]
[WhiteElo "1924"]
[BlackElo "1972"]
[PlyCount "116"]
[EventDate "2024.11.24"]

1. c4 e5 2. Nc3 Nf6 3. Nf3 Nc6 4. d4 exd4 5. Nxd4 Bb4 6. Bg5 h6 7. Bh4 O-O 8.
e3 g5 9. Bg3 d5 10. a3 Bxc3+ 11. bxc3 Bg4 12. Nxc6 bxc6 13. f3 Bf5 14. Bd3 Bxd3
15. Qxd3 dxc4 16. Qxc4 Qe7 17. e4 c5 18. O-O Rfd8 19. Bf2 Nd7 20. Rfd1 c6 21.
Rd2 Nb6 22. Rxd8+ Rxd8 23. Qxc5 Qxc5 24. Bxc5 Na4 25. Bxa7 Nxc3 26. Kf1 Rd7 27.
Bc5 Na4 28. Rc1 Rd3 29. Bb4 c5 30. Bxc5 Nxc5 31. Rxc5 Rxa3 32. h4 f6 33. hxg5
hxg5 34. Rf5 Kg7 35. e5 fxe5 36. Rxg5+ Kf6 37. Rg4 Ra2 38. Kg1 Kf5 39. Kh2 Re2
40. Kg3 Re3 41. Ra4 Rb3 42. Kh4 Rb6 43. g4+ Kg6 44. Kg3 Kg5 45. Re4 Kf6 46. Re3
Rb1 47. Kf2 Rb2+ 48. Re2 Rb3 49. Kg2 Ra3 50. Rb2 Ra6 51. Rb8 Re6 52. Rf8+ Kg6
53. Rf5 Re8 54. Kf2 e4 55. f4 e3+ 56. Ke2 Re4 57. Rg5+ Kf6 58. Rf5+ Kg6 1/2-1/2

[Event "Jm KP I 24-25 Jundrov C - Veseli n Mor."]
[Site "?"]
[Date "2024.11.24"]
[Round "18.5"]
[White "Sipek, Oldrich"]
[Black "Vrtal, Jaroslav"]
[Result "1/2-1/2"]
[WhiteElo "1914"]
[BlackElo "1952"]
[PlyCount "78"]
[EventDate "2024.11.24"]

1. e4 c5 2. d4 cxd4 3. c3 d3 4. Bxd3 d6 5. Nf3 Nf6 6. O-O e6 7. Qe2 Be7 8. Rd1
Qc7 9. Na3 a6 10. h3 Nbd7 11. Bf4 Ne5 12. Bxe5 dxe5 13. Nc4 Nd7 14. a4 b6 15.
Rd2 O-O 16. Rad1 f6 17. Bc2 Nb8 18. Bb3 Nc6 19. Nd6 Na5 20. Ba2 Bxd6 21. Rxd6
Nb7 22. Bxe6+ Bxe6 23. Rxe6 Kf7 24. Nxe5+ fxe5 25. Qg4 Kg8 26. Rd5 Rf4 27. Qg5
Rf7 28. Rdxe5 Raf8 29. Re7 Qc8 30. R5e6 Qd8 31. b4 h6 32. Qe5 Qd1+ 33. Kh2 Nd8
34. Rd6 Qe2 35. Qd5 Qxf2 36. Rxd8 Qf4+ 37. Kh1 Qf1+ 38. Kh2 Qf4+ 39. Kh1 Qf1+
1/2-1/2

[Event "Jm KP I 24-25 Jundrov C - Veseli n Mor."]
[Site "?"]
[Date "2024.11.24"]
[Round "18.6"]
[White "Skalka, Michal"]
[Black "Tioka, Zdenek"]
[Result "1-0"]
[WhiteElo "1927"]
[BlackElo "1912"]
[PlyCount "137"]
[EventDate "2024.11.24"]

1. e4 d6 2. d4 Nf6 3. Nc3 g6 4. Nf3 Bg7 5. Be2 O-O 6. O-O c6 7. Bf4 Nbd7 8. Qd2
Re8 9. Rad1 Qc7 10. Bc4 b5 11. Bd3 e5 12. dxe5 dxe5 13. Bh6 Bh8 14. h3 Bb7 15.
Qe3 a6 16. Nb1 c5 17. c3 c4 18. Bc2 Nc5 19. Nfd2 Rad8 20. b3 cxb3 21. axb3 Qc6
22. f3 Ne6 23. b4 Nd7 24. Nb3 Qc7 25. Na5 Ba8 26. Bb3 Nb6 27. Na3 Bf6 28. Nb1
Rc8 29. Rf2 Red8 30. Rfd2 Rxd2 31. Rxd2 Rd8 32. Bxe6 fxe6 33. Na3 Be7 34. Bg5
Bxg5 35. Qxg5 Rxd2 36. Qxd2 Bc6 37. Nb3 Na4 38. Nb1 Be8 39. Nc1 Kg7 40. Ne2 h6
41. Na3 Nb6 42. Qe3 Na4 43. Kf1 Nb2 44. Qd2 Na4 45. Nc2 Nb6 46. Ne3 g5 47. Qa2
Nc4 48. Nxc4 Qxc4 49. Qxa6 Bf7 50. Qb6 Qd3 51. Qc5 Kf6 52. Kf2 h5 53. Qe3 Qd6
54. g3 Bg6 55. Ke1 Be8 56. f4 gxf4 57. gxf4 Bg6 58. Qf3 Qc6 59. fxe5+ Kg7 60.
Ng1 h4 61. Qf6+ Kh7 62. Qxh4+ Kg7 63. Qe7+ Kh6 64. Qf8+ Kg5 65. Qf3 Qa6 66. Ne2
Qa1+ 67. Kf2 Qb1 68. Qf4+ Kh5 69. Ng3# 1-0

[Event "Jm KP I 24-25 Jundrov C - Veseli n Mor."]
[Site "?"]
[Date "2024.11.24"]
[Round "18.7"]
[White "Vojtek, Pavel"]
[Black "Pistek, Jan"]
[Result "1/2-1/2"]
[WhiteElo "1910"]
[BlackElo "1878"]
[PlyCount "55"]
[EventDate "2024.11.24"]

1. d4 Nf6 2. Nf3 e6 3. e3 d5 4. Bd3 Nbd7 5. O-O Bd6 6. Nbd2 O-O 7. b3 b6 8. Bb2
Bb7 9. Ne5 Ne4 10. f3 Nxd2 11. Qxd2 f6 12. Nxd7 Qxd7 13. c4 c5 14. cxd5 exd5
15. dxc5 Bxc5 16. b4 Bd6 17. Rfd1 Rac8 18. e4 dxe4 19. Bxe4 Bxe4 20. Qxd6 Qxd6
21. Rxd6 Bc6 22. Kf2 Ba4 23. Rc1 Kf7 24. Rxc8 Rxc8 25. Ke3 Re8+ 26. Kd2 Bb5 27.
Kc3 Re3+ 28. Kc2 1/2-1/2

[Event "Jm KP I 24-25 Jundrov C - Veseli n Mor."]
[Site "?"]
[Date "2024.11.24"]
[Round "18.8"]
[White "Vicar, Lubomir"]
[Black "Velim, Vojtech"]
[Result "0-1"]
[WhiteElo "1868"]
[BlackElo "1884"]
[PlyCount "102"]
[EventDate "2024.11.24"]

1. d4 Nf6 2. Nf3 e6 3. Bf4 c5 4. c3 Nc6 5. e3 Be7 6. Be2 b6 7. O-O Bb7 8. Nbd2
O-O 9. Nc4 cxd4 10. cxd4 d6 11. h3 Rc8 12. Rc1 Re8 13. Bd3 Nb4 14. Bb1 Be4 15.
Bxe4 Nxe4 16. a3 Nd5 17. Bh2 f5 18. Ncd2 Ndf6 19. Nxe4 Nxe4 20. Nd2 Nf6 21. b4
Qd7 22. Qb3 b5 23. Qb2 Qb7 24. Rxc8 Rxc8 25. Rc1 Nd7 26. f3 Nb6 27. Rxc8+ Qxc8
28. e4 fxe4 29. fxe4 Nc4 30. Qc2 Qa6 31. Nxc4 bxc4 32. a4 Bf6 33. e5 dxe5 34.
Bxe5 Bxe5 35. dxe5 Qb6+ 36. Kf1 Qxb4 37. Qd1 Qf8+ 38. Ke2 Qf5 39. Qd8+ Kf7 40.
Qd7+ Kg6 41. Qe8+ Kh6 42. Qb5 Qe4+ 43. Kf2 Qd4+ 44. Ke1 Qg1+ 45. Kd2 Qxg2+ 46.
Kd1 Qd5+ 47. Kc1 Qxb5 48. axb5 Kg5 49. Kc2 Kf5 50. Kc3 Kxe5 51. Kxc4 Kd6 0-1

[Event "Jm KP I 24-25 Kurim A-Veseli"]
[Site "Kurim"]
[Date "2024.12.08"]
[Round "19.1"]
[White "Nemec, David"]
[Black "Uricar, Jakub"]
[Result "1/2-1/2"]
[WhiteElo "2074"]
[BlackElo "2110"]
[PlyCount "93"]

1. e4 c5 2. c3 d5 3. exd5 Qxd5 4. d4 e5 5. Be3 cxd4 6. cxd4 exd4 7. Qxd4 Qxd4
8. Bxd4 Nc6 9. Bb5 Bd7 10. Bxc6 Bxc6 11. f3 Bb4+ 12. Nc3 Ne7 13. O-O-O O-O 14.
a3 Bd6 15. Nge2 Rfd8 16. Bf2 b6 17. Nd4 Rac8 18. Nxc6 Nxc6 19. Rhe1 Be5 20. g3
Bxc3 21. Rxd8+ Rxd8 22. bxc3 Kf8 23. Kc2 f6 24. f4 f5 25. h3 Re8 26. Rxe8+ Kxe8
27. Kb3 b5 28. c4 a6 29. cxb5 axb5 30. a4 bxa4+ 31. Kxa4 Kd7 32. Kb5 Kd6 33.
Kc4 Na5+ 34. Kd3 Kd5 35. Bd4 g6 36. Bh8 Nc4 37. Bc3 Nd6 38. Be1 Ne4 39. Ke3 h5
40. Kf3 Kd4 41. Ba5 Kd3 42. Bb4 Nd2+ 43. Kf2 Nb3 44. h4 Ke4 45. Bc3 Nc5 46. Ba5
Nd3+ 47. Ke2 1/2-1/2

[Event "Jm KP I 24-25 Kurim A-Veseli"]
[Site "Kurim"]
[Date "2024.12.08"]
[Round "19.2"]
[White "Hudecek, Jan"]
[Black "Tajovsky, Martin"]
[Result "1/2-1/2"]
[WhiteElo "2171"]
[BlackElo "2195"]
[PlyCount "42"]

1. d4 Nf6 2. c4 e6 3. g3 d5 4. Bg2 Bb4+ 5. Nd2 O-O 6. Ngf3 dxc4 7. Qc2 b5 8. a4
c6 9. axb5 Bb7 10. Qxc4 Qe7 11. O-O cxb5 12. Qxb5 a5 13. Ne5 Nd5 14. Qa4 Rd8
15. Ndc4 Ba6 16. Qa2 f6 17. Nd3 Nc6 18. Be3 Qa7 19. Rfd1 Rac8 20. Rac1 Kh8 21.
Bf3 Bb5 1/2-1/2

[Event "Jm KP I 24-25 Kurim A-Veseli"]
[Site "Kurim"]
[Date "2024.12.08"]
[Round "19.3"]
[White "Jordanov, Mihail"]
[Black "Symersky, Petr"]
[Result "1-0"]
[WhiteElo "2202"]
[BlackElo "2079"]
[PlyCount "69"]

1. e4 e5 2. Nf3 Nc6 3. Bb5 a6 4. Ba4 Nf6 5. O-O b5 6. Bb3 Be7 7. d3 O-O 8. Re1
d6 9. Bd2 Bg4 10. c3 Na5 11. Bc2 c5 12. h3 Bxf3 13. Qxf3 Qc7 14. Bg5 h6 15. Bc1
Nh7 16. Nd2 Bg5 17. Nf1 Nc6 18. Bxg5 Nxg5 19. Qg4 Qc8 20. Ne3 Qxg4 21. hxg4 Ne7
22. Bb3 Ne6 23. g3 g6 24. Rf1 g5 25. Kg2 Kg7 26. Rh1 a5 27. a4 b4 28. Rab1 Ra6
29. f3 Rb8 30. Nf5+ Nxf5 31. gxf5 Nc7 32. f6+ Kg6 33. Rxh6+ Kxh6 34. Bxf7 g4
35. f4 1-0

[Event "Jm KP I 24-25 Kurim A-Veseli"]
[Site "Kurim"]
[Date "2024.12.08"]
[Round "19.4"]
[White "Skalka, Jan"]
[Black "Majer, Jiri"]
[Result "1/2-1/2"]
[WhiteElo "1972"]
[BlackElo "2140"]
[PlyCount "56"]

1. c4 Nf6 2. g3 g6 3. Bg2 Bg7 4. Nc3 O-O 5. e4 d6 6. Nge2 e5 7. O-O Nc6 8. d3
Ne8 9. Be3 Be6 10. Qd2 Qd7 11. Nd5 Ne7 12. f4 Bg4 13. Nxe7+ Qxe7 14. h3 Bxe2
15. Qxe2 exf4 16. Bxf4 Bd4+ 17. Be3 Qe5 18. Bxd4 Qxd4+ 19. Kh2 Ng7 20. Rad1
Rae8 21. Qf2 Ne6 22. Qf6 b6 23. h4 Qxf6 24. Rxf6 Kg7 25. Rdf1 h5 26. Bh3 Nd4
27. Kg2 Re5 28. R1f2 a5 1/2-1/2

[Event "Jm KP I 24-25 Kurim A-Veseli"]
[Site "Kurim"]
[Date "2024.12.08"]
[Round "19.5"]
[White "Parak, Dominik"]
[Black "Krizek, Frantisek"]
[Result "1-0"]
[WhiteElo "2028"]
[BlackElo "1931"]
[PlyCount "121"]

1. e4 c6 2. d4 d5 3. e5 Bf5 4. Nf3 e6 5. Be2 Ne7 6. O-O Nd7 7. Re1 Bg6 8. Nbd2
Nf5 9. c3 Be7 10. Qb3 Qb6 11. a4 O-O 12. a5 Qxb3 13. Nxb3 Nh4 14. Nxh4 Bxh4 15.
Nc5 Nxc5 16. dxc5 Be7 17. a6 bxa6 18. b4 Rfb8 19. Be3 f6 20. Bd4 Be8 21. Rxa6
Kf7 22. f4 Rc8 23. g4 Bd7 24. Kg2 Rc7 25. Rea1 Bd8 26. Bd3 h6 27. h4 g5 28.
fxg5 fxg5 29. h5 Bc8 30. R6a2 Kg8 31. Bg6 a5 32. Rxa5 Rxa5 33. Rxa5 Kf8 34. Ra2
Bb7 35. Rf2+ Kg7 36. Bd3 Bc8 37. Ra2 Bd7 38. Ra8 Rc8 39. Rxc8 Bxc8 40. b5 cxb5
41. Bxb5 Bc7 42. Kf2 Kf7 43. c6 Ke8 44. Ke3 Kf7 45. Bd3 Kg8 46. c4 dxc4 47.
Bxc4 Kf7 48. Ke4 Ke8 49. Bc5 Kf7 50. Bd6 Bb6 51. Kd3 Ke8 52. Kc3 Kf7 53. Kb4
Bd4 54. Kb5 Ke8 55. Bd3 Kd8 56. Bg6 Bb2 57. Bf7 Ba1 58. Bg6 Bb2 59. c7+ Kd7 60.
Be4 Ke8 61. Kc6 1-0

[Event "Jm KP I 24-25 Kurim A-Veseli"]
[Site "Kurim"]
[Date "2024.12.08"]
[Round "19.6"]
[White "Vrtal, Jaroslav"]
[Black "Pavlik, Vladimir"]
[Result "1/2-1/2"]
[WhiteElo "1965"]
[BlackElo "1960"]
[PlyCount "84"]

1. d4 Nf6 2. Nf3 e6 3. e3 b6 4. Nbd2 Bb7 5. Bd3 d5 6. O-O Bd6 7. c4 Nbd7 8.
cxd5 exd5 9. b3 O-O 10. Bb2 Re8 11. Rc1 Ne4 12. Bb5 a6 13. Bc6 Bxc6 14. Rxc6
Rc8 15. Rc2 c5 16. Qe2 b5 17. dxc5 Ndxc5 18. Rfc1 Qd7 19. Nd4 Nxd2 20. Qxd2 Ne4
21. Qe2 Rc5 22. Rxc5 Bxc5 23. h3 h6 24. Qd3 Rc8 25. Nf3 Bf8 26. Rc2 Qe6 27. Nd4
Qd7 28. a3 g6 29. Nf3 Rxc2 30. Qxc2 Bg7 31. Bxg7 Kxg7 32. Qb2+ Kg8 33. Qc2 Qd6
34. Qc8+ Kg7 35. b4 Qe6 36. Qc2 Qf6 37. Nd4 Nd6 38. a4 bxa4 39. Qxa4 Ne4 40.
Qa2 Qd6 41. Qb2 Qf6 42. Qa2 Qd6 1/2-1/2

[Event "Jm KP I 24-25 Kurim A-Veseli"]
[Site "Kurim"]
[Date "2024.12.08"]
[Round "19.7"]
[White "Soucek, Andrej"]
[Black "Klenner, Richard"]
[Result "1-0"]
[WhiteElo "2026"]
[BlackElo "1957"]
[PlyCount "51"]

1. d4 Nf6 2. Bg5 d6 3. Bxf6 exf6 4. e3 g6 5. c4 Bg7 6. g3 O-O 7. Bg2 c5 8. Nc3
f5 9. Nge2 Nc6 10. Qd2 cxd4 11. exd4 Qd7 12. O-O b6 13. h4 h5 14. Nd5 Bb7 15.
Rfe1 Rfe8 16. Rad1 Rac8 17. b3 Kh8 18. Qg5 Qd8 19. Qc1 Ne7 20. Nef4 Nxd5 21.
Nxd5 Rxe1+ 22. Rxe1 Bxd5 23. Bxd5 Bxd4 24. Qh6+ Kg8 25. Qxg6+ Kh8 26. Qxh5+ 1-0